10 Estados mais ricos do Brasil - Statistics

Estatísticas Gerais
  • Esse quiz foi jogado 306 vezes
  • A pontuação média é 9 de 10
Estatísticas das Respostas
Imagem Resposta % Correto
Rio de Janeiro
100%
São Paulo
100%
Minas Gerais
98%
Santa Catarina
97%
Bahia
96%
Paraná
96%
Rio Grande do Sul
96%
Pernambuco
88%
Goiás
86%
Distrito Federal
85%
Nenhum quiz correspondente encontrado
Distribuição das Pontuações
Porcentagem de Pessoas com Cada Pontuação
Percentil de Números Respondidos
Sua Pontuação Histórica
Você não jogou esse quiz